Michael Jackson Spotify Top Songs - Statistics

General Stats
  • This quiz has been taken 160 times
  • The average score is 10 of 15
Answer Stats
Hint Answer % Correct
4 Thriller
99%
1 Billie Jean
97%
2 Beat It
92%
13 Bad
89%
3 Smooth Criminal
83%
8 Man In The Mirror
69%
5 Rock With You
68%
14 Black or White
64%
10 P.Y.T
64%
6 Don't Stop 'Til You Get Enough
61%
11 They Don't Care About Us
59%
7 The Way You Make Me Feel
52%
12 Remember the Time
51%
9 Chicago
43%
15 Love Never Felt So Good
18%
No matching quizzes found
Score Distribution
Percent of People with Each Score
Percentile by Number Answered
Your Score History
You have not taken this quiz